000 00296nam a22001337a 4500
008 170426b xxu||||| |||| 00| 0 eng d
020 _a9781429219556
041 _aeng
080 _25 ED
_a54
100 _a12
101 _aSHM
245 _aCHEMICALN PRINCIPLES
_cATKINS.P
942 _2udc
_cBK
999 _c12151
_d12151